|
|
|
|
| LEADER |
00000naa2a2200000 4500 |
| 001 |
622637 |
| 005 |
20231101133224.0 |
| 035 |
|
|
|a (RuTPU)RU\TPU\conf\21432
|
| 090 |
|
|
|a 622637
|
| 100 |
|
|
|a 20170629d2012 k y0rusy50 ca
|
| 101 |
0 |
|
|a rus
|
| 102 |
|
|
|a RU
|
| 105 |
|
|
|a a z 100zy
|
| 135 |
|
|
|a drnn ---uucaa
|
| 181 |
|
0 |
|a i
|
| 182 |
|
0 |
|a b
|
| 200 |
1 |
|
|a Спорт и патриотическое воспитание молодежи
|f А. М. Николаева
|
| 203 |
|
|
|a Текст
|c электронный
|
| 215 |
|
|
|a 1 файл (182 Кб)
|
| 230 |
|
|
|a Электронные текстовые данные (1 файл : 182 Кб)
|
| 300 |
|
|
|a Заглавие с титульного листа
|
| 320 |
|
|
|a [Библиогр.: с. 219 (2 назв.)]
|
| 463 |
|
1 |
|0 (RuTPU)RU\TPU\conf\21430
|t Историческая память, патриотизм и проблема национальной идентичности молодежи в год Российской истории
|o сборник научных трудов Всероссийской молодежной конференции, 27-28 сентября 2012 г., г. Томск
|f Национальный исследовательский Томский политехнический университет (ТПУ) ; под ред. Н. В. Трубниковой [и др.]
|v [С. 217-219]
|d 2012
|
| 610 |
1 |
|
|a труды учёных ТПУ
|
| 610 |
1 |
|
|a электронный ресурс
|
| 610 |
1 |
|
|a спорт
|
| 610 |
1 |
|
|a патриотическое воспитание
|
| 610 |
1 |
|
|a молодежь
|
| 700 |
|
1 |
|a Николаева
|b А. М.
|c специалист в области внешнеэкономической деятельности
|c менеджер Томского политехнического университета
|f 1995-
|g Анастасия Михайловна
|2 stltpush
|3 (RuTPU)RU\TPU\pers\38861
|
| 712 |
0 |
2 |
|a Национальный исследовательский Томский политехнический университет (ТПУ)
|c (2009- )
|2 stltpush
|3 (RuTPU)RU\TPU\col\15902
|
| 801 |
|
2 |
|a RU
|b 63413507
|c 20170630
|g RCR
|
| 856 |
4 |
|
|u http://earchive.tpu.ru/handle/11683/41245
|
| 942 |
|
|
|c BK
|